=LDR 00000nam 2200000 4500 =001 INLIS000000000046590 =005 20160202142556.0 =006 =007 =008 =035 ##$$0010-041500000000072 =082 ##$$a 745 =090 ##$$a 745 DIN C.4 =100 ##$$aTRISIANTI DINATA =245 ##$$a CAKE TOWEL =260 ##$$a TRUBUS AGRISARANA =300 ##$$a HLM. 64 =850 ##$$a NPBMAT